Datum a čas kvízu
29.5
Celkem bodů
Celkový počet nahraných bodů na tomto kvízu bez doplňovacích otázek.
7.
Pořadí na kvízu
Konečné umístění týmu na tomto kvízu.
Zaznamenané odpovědi
| # | Otázka | Odpověď | Body | Výsledky |
|---|---|---|---|---|
| 1. | Ve středu jsme si prostřednict... | B) beze spěchu | 1 | |
| 2. | Mezi Botswanou a jedním evrops... | o Německu | 1 | |
| 3. | V úterý začal vysílat v Česku... | Warner TV | 0 | |
| 4. | Minulý týden jsme se dozvěděli... | Portál občana | 1 | |
| 5. | Ve středu odstartoval ve Spoje... | bronzové medaile | 1 | |
| 6. | Zobrazený anglický lékař roku... | William Harvey | 0 | |
| 7. | Ve kterém orgánu lidského těla... | ve slezině | 1 | |
| 8. | Vyberte pravdivé tvrzení: | D | 1 | |
| 9. | Hemofilie je geneticky podmíně... | Alexej; chromozom X | 0 | |
| 10. | Někteří bezobratlí živočichové... | hemolymfa; krvomíza | 0 |